000
00251nam a2200097Ia 4500
008
220204s9999 xx 000 0 und d
082
_b
KHA
100
_a
Kharbonada
245
4
_a
The Payment of Gratuity act, 1972 as amended up to date 1923
942
_c
BK
999
_c
38384
_d
38384